Statystyki dla Flagi związane z jakimś państwem dla Geomexa

Kliknij tutaj aby rozwiązać quiz!

Ogólne statystyki

  • Ten quiz został rozwiązany 12 razy
  • Średni wynik to 8 z 24

Statystyki odpowiedzi

Odpowiedź% Poprawnych
Filipiny
91%
Serbia
82%
Litwa
73%
Somalia
64%
Białoruś
55%
Jemen
55%
Mongolia
45%
Brazylia
36%
Kazachstan
36%
Mjanma
36%
Laos
27%
Madagaskar
27%
Mikronezja
27%
Peru
27%
Afganistan
18%
Benin
18%
Togo
18%
Ekwador
9%
Malawi
9%
Zjednoczone Emiraty Arabskie
9%
Gwatemala
0%
Islandia
0%
Mauritius
0%
Papua-Nowa Gwinea
0%

Rozkład punktacji

Percentyl według liczby udzielonych odpowiedzi

Procent ludzi z każdym wynikiem

Twoja historia wyników

Nie rozwiązałeś tego quizu